|
|
|
|
| LEADER |
00850nab#a2200349#ar4500 |
| 001 |
000103467 |
| 003 |
SVKKK |
| 005 |
20101227123352.0 |
| 008 |
101227c1979 xo |||||||||||||||b|slo |
| FMT |
|
|
|
| 015 |
|
|
|a SNBRB2010/12
|
| 038 |
|
|
|a SVKKK
|
| 040 |
|
|
|a SVKKK
|b slo
|e AACR2
|
| 041 |
0 |
|
|a slo
|
| 044 |
|
|
|a xo
|c SK
|
| 080 |
|
|
|a 669.13
|2 1997
|
| 080 |
|
|
|a 621.791.05
|2 1997
|
| 100 |
1 |
|
|a Veselko, Július
|4 aut
|
| 245 |
1 |
0 |
|a Dispozícia liatin na vznik horúcich trhlín v tepelne ovplyvnenej zóne zvarového spoja
|c Július Veselko
|
| 300 |
|
|
|b Obr.
|
| 504 |
|
|
|a Bibliogr. odkazy
|
| 650 |
0 |
4 |
|a liatiny
|
| 650 |
0 |
4 |
|a zvarové spoje
|
| 650 |
0 |
4 |
|a trhliny
|
| 773 |
0 |
|
|t Zváranie
|g Roč. 28, č. 12 (1979), s. 353-360
|
| 958 |
|
|
|a RK
|
| 958 |
|
|
|a NB
|
| 974 |
|
|
|a Ma
|
| 992 |
|
|
|a RBX
|
| BAS |
|
|
|
| 852 |
|
|
|a SVKKK
|b BIB
|
| 998 |
|
|
|a HUT
|